Después de la utopía : el declive de la fe política /

Guardado en:
Bibliografiske detaljer
Hovedforfatter: Shklar, Judith (autor)
Format: Bog
Sprog:spansk
Udgivet: Madrid, España : Antonio Machado Libros, 2020, c2020
Serier:(La Balsa de la Medusa ; 225)
Fag:
Tags: Tilføj Tag
Ingen Tags, Vær først til at tagge denne postø!

MARC

LEADER 00000nam^a2200000^a^4500
001 000585890
005 20250521000000.0
009 20260310132738.896
020 |a 978-84-7774-337-8 
037 |a Acervo Xavier Clavigero 
041 |a ESP 
082 |a 320. 01  |b SHK OBR DES 
100 |a Shklar, Judith  |e (autor) 
245 1 0 |a Después de la utopía :  |b el declive de la fe política /  |c J. Shklar ; tr. de Amaya Bozal Chamorro. 
264 4 |a Madrid, España :  |b Antonio Machado Libros,  |c 2020, c2020 
300 |a 290 p. 
336 |a texto  |b txt  |2 rdacontenido 
337 |a sin mediación  |b n  |2 rdamedio 
338 |a volumen  |b nc  |2 rdasoporte 
440 4 |a (La Balsa de la Medusa ;  |v 225) 
500 |a Traducción de: After Utopia. The Decline of Political Faith 
521 |a Peticiones 2024 
649 |a XX 
650 |a Ilustración (Filosofía) -  |x Historia y Crítica 
650 |a Romanticismo (Filosofía) -  |x Historia y Crítica 
650 |a Liberalismo -  |x Tema Principal 
650 |a Cristianismo y Política 
650 |a Política y Religión 
650 |a Política -  |x Teoría -  |x Tema Principal 
650 |a Filosofía Política -  |x Historia y Crítica -  |x Tema Principal 
650 |a Filosofía del Siglo XX 
650 |a Filosofía Norteamericana 
910 |a Fondo General 
920 |a Impresos - Libros 
930 |a Colección General 
905 |a 101 
901 |a 0500407640  |b IT1  |c ACC  |i C2465  |u 20250521 
902 |a https://opac.biblio.iteso.mx/vufind/Record/000585890